00385nam a2200157Ia 4500008004100000041001200041082000600053100004600059100000600105245005500111260001400166260001800180260000900198300001400207650000600221150909s9999 xx 000 0 und d aEnglish b- aMinistry of Agriculture And Irrigation  e- aRainfall and cropping patterns : Uttaroradesh V.12 aNew Delhi bGovt Of India c1976 a42 Pages a-